<?xml version="1.0" encoding="UTF-8"?>
<record
    xmlns:xsi="http://www.w3.org/2001/XMLSchema-instance"
    xsi:schemaLocation="http://www.loc.gov/MARC21/slim http://www.loc.gov/standards/marcxml/schema/MARC21slim.xsd"
    xmlns="http://www.loc.gov/MARC21/slim">

  <leader>01028cam a22002657a 4500</leader>
  <controlfield tag="001">85843</controlfield>
  <controlfield tag="003">ItRI</controlfield>
  <controlfield tag="005">20260429121808.0</controlfield>
  <controlfield tag="008">260429s1991    it ||||||    ||||| |ita|c</controlfield>
  <datafield tag="040" ind1=" " ind2=" ">
    <subfield code="b">ita</subfield>
    <subfield code="a">M-RABA</subfield>
    <subfield code="c">M-RABA</subfield>
    <subfield code="d">M-RABA</subfield>
  </datafield>
  <datafield tag="245" ind1="0" ind2="4">
    <subfield code="a">The work of Sheila Gibson :</subfield>
    <subfield code="b">a catalogue to accompany the exibition Architecture &amp; Archaeology : Institute of Archaeology ... London, March 15-April 12, 1991 [e] British School at Rome ... Roma, April 23-May 7, 1991.</subfield>
  </datafield>
  <datafield tag="246" ind1="1" ind2="3">
    <subfield code="a">Architecture &amp; archaeology : the work of Sheila Gibson.</subfield>
  </datafield>
  <datafield tag="260" ind1=" " ind2=" ">
    <subfield code="a">Roma </subfield>
    <subfield code="b">: British School at Rome</subfield>
    <subfield code="c">, 1991</subfield>
  </datafield>
  <datafield tag="300" ind1=" " ind2=" ">
    <subfield code="a">[54] p. (sin numerar) :</subfield>
    <subfield code="b">: il. </subfield>
    <subfield code="c">; 22 x 23 cm</subfield>
  </datafield>
  <datafield tag="500" ind1=" " ind2=" ">
    <subfield code="a">En port.: The British School at Rome.</subfield>
  </datafield>
  <datafield tag="500" ind1=" " ind2=" ">
    <subfield code="a">Tras t&#xED;t.: R. I. B. A., A. A. Dip (Hons), F. S. A.</subfield>
  </datafield>
  <datafield tag="546" ind1=" " ind2=" ">
    <subfield code="a">Texto en ingl&#xE9;s.</subfield>
  </datafield>
  <datafield tag="600" ind1="1" ind2="0">
    <subfield code="a">Gibson, Sheila</subfield>
    <subfield code="d">(1920-2002)</subfield>
    <subfield code="9">111703</subfield>
  </datafield>
  <datafield tag="650" ind1=" " ind2="7">
    <subfield code="a">Arquitectura</subfield>
    <subfield code="9">42568</subfield>
  </datafield>
  <datafield tag="650" ind1=" " ind2="7">
    <subfield code="a">Arqueolog&#xED;a</subfield>
    <subfield code="9">18834</subfield>
  </datafield>
  <datafield tag="852" ind1=" " ind2=" ">
    <subfield code="j">F-16114</subfield>
  </datafield>
  <datafield tag="942" ind1=" " ind2=" ">
    <subfield code="c">FONDOMODER</subfield>
    <subfield code="n">0</subfield>
  </datafield>
  <datafield tag="952" ind1=" " ind2=" ">
    <subfield code="0">0</subfield>
    <subfield code="1">0</subfield>
    <subfield code="2">ddc</subfield>
    <subfield code="4">0</subfield>
    <subfield code="7">0</subfield>
    <subfield code="a">RABASF</subfield>
    <subfield code="b">RABASF</subfield>
    <subfield code="c">DP2</subfield>
    <subfield code="d">2026-04-29</subfield>
    <subfield code="e">D</subfield>
    <subfield code="i">48226</subfield>
    <subfield code="l">0</subfield>
    <subfield code="o">F-16114</subfield>
    <subfield code="p">1097139</subfield>
    <subfield code="r">2026-04-29 12:18:51</subfield>
    <subfield code="w">2026-04-29</subfield>
    <subfield code="y">FONDOMODER</subfield>
    <subfield code="z">Donaci&#xF3;n de Vincenzo Giuseppe Sabini</subfield>
  </datafield>
  <datafield tag="981" ind1=" " ind2="1">
    <subfield code="6">z01</subfield>
    <subfield code="a">i </subfield>
    <subfield code="b">xxxe  </subfield>
  </datafield>
  <datafield tag="982" ind1=" " ind2="1">
    <subfield code="6">z01</subfield>
    <subfield code="a">n</subfield>
  </datafield>
  <datafield tag="999" ind1=" " ind2=" ">
    <subfield code="c">85843</subfield>
    <subfield code="d">85843</subfield>
  </datafield>
</record>
